| 000 | 00482nam a2200193 a 4500 | ||
|---|---|---|---|
| 001 | 1765189917704 | ||
| 003 | ACL | ||
| 005 | 20251208160454.0 | ||
| 008 | 251208s1996##################000#0#eng## | ||
| 020 | _a9789054107279 | ||
| 082 | 0 | 4 |
_a631.4 _bCHH |
| 100 | 1 |
_aChhabra, R., _eauthor. |
|
| 245 | 1 | 0 | _aSoil Salinity and Water Quality : |
| 260 |
_bCRC Press, _c1996. |
||
| 300 | _a332 pages | ||
| 650 | 0 | _aTechnology & Engineering. | |
| 942 | _cENGLISH | ||
| 040 |
_aACL _beng _cACL |
||
| 999 |
_c601641 _d601641 |
||